| 000 | 00743cam a2200253 4500 | ||
|---|---|---|---|
| 001 | ABS66782 | ||
| 008 | 030623n2003 000 0 eng u | ||
| 035 | _a(Sirsi) u122687 | ||
| 245 | _aFocus 2003: Bristol, Bath and Swindon | ||
| 260 | _c2003 | ||
| 490 |
_aEstates Gazette _v(0320) 17 May 2003, 67-99(13) |
||
| 590 | _aABS | ||
| 650 | _aBRISTOL | ||
| 650 | _aBATH | ||
| 650 | _aSWINDON | ||
| 650 | _aPROPERTY-COMMERCIAL PROPERTY-OFFICE PROPERTY-OFFICE PROPERTY MARKET | ||
| 650 | _aPROPERTY-COMMERCIAL PROPERTY-RETAIL PROPERTY-RETAIL PROPERTY MARKET | ||
| 650 | _aINDUSTRIAL MARKET | ||
| 650 | _aLEISURE MARKET | ||
| 650 | _aOCCUPIERS | ||
| 650 | _aCOMMERCIAL RENTS | ||
| 690 | _aPROPERTY-COMMERCIAL PROPERTY | ||
| 942 | _n0 | ||
| 999 |
_c72900 _d72900 |
||